00381pab a2200133 454500008004000000100001700040245008300057260000900140300001300149362001100162650002700173700002700200773002000227180718b2004 xxu||||| |||| 00| 0 eng d aPant, Deepak aDynamic equilibrium approach: a reorientation of agricultural education system c2004 ap.66-68. a30 Aug aAgricultural education aJoshi, Chandra Prakash aUniversity News